<?xml version="1.0" encoding="UTF-8"?>
<record
    xmlns:xsi="http://www.w3.org/2001/XMLSchema-instance"
    xsi:schemaLocation="http://www.loc.gov/MARC21/slim http://www.loc.gov/standards/marcxml/schema/MARC21slim.xsd"
    xmlns="http://www.loc.gov/MARC21/slim">

  <leader>     nam a22        4500</leader>
  <datafield tag="999" ind1=" " ind2=" ">
    <subfield code="c">87739</subfield>
    <subfield code="d">87524</subfield>
  </datafield>
  <controlfield tag="005">20230921143900.0</controlfield>
  <controlfield tag="007">0</controlfield>
  <controlfield tag="008">230921b        xxu||||| |||| 00| 0 eng 0</controlfield>
  <datafield tag="020" ind1=" " ind2=" ">
    <subfield code="a">\a 9788189765200</subfield>
  </datafield>
  <datafield tag="040" ind1=" " ind2=" ">
    <subfield code="a">\a NG-ZaABU</subfield>
    <subfield code="c">0</subfield>
  </datafield>
  <datafield tag="050" ind1=" " ind2=" ">
    <subfield code="a">\a TP 1151.I 55 Eng</subfield>
    <subfield code="b">\b 513057</subfield>
  </datafield>
  <datafield tag="110" ind1=" " ind2=" ">
    <subfield code="9">7462</subfield>
    <subfield code="a">a Engineers India Research Institute</subfield>
  </datafield>
  <datafield tag="245" ind1=" " ind2=" ">
    <subfield code="a">\a Injection Moulding of Plastics</subfield>
    <subfield code="c">\c by Engineers India Research Institute</subfield>
    <subfield code="h">\h [Text]</subfield>
  </datafield>
  <datafield tag="260" ind1=" " ind2=" ">
    <subfield code="a">\a Roop Nagar, Delhi :</subfield>
    <subfield code="b">\b Engineers India Research Institute</subfield>
    <subfield code="c">\c [No Date]</subfield>
  </datafield>
  <datafield tag="300" ind1=" " ind2=" ">
    <subfield code="a">\a 319p.:</subfield>
    <subfield code="b">\b ill.</subfield>
  </datafield>
  <datafield tag="852" ind1=" " ind2=" ">
    <subfield code="a">\a KIL</subfield>
    <subfield code="c">\c Reserve book unit</subfield>
    <subfield code="p">\p 513057</subfield>
  </datafield>
  <datafield tag="942" ind1=" " ind2=" ">
    <subfield code="2">lcc</subfield>
    <subfield code="c">BK</subfield>
    <subfield code="h">\h 1151.I 55</subfield>
    <subfield code="k">\k TP</subfield>
    <subfield code="m">\m Eng</subfield>
  </datafield>
  <datafield tag="952" ind1=" " ind2=" ">
    <subfield code="0">0</subfield>
    <subfield code="1">0</subfield>
    <subfield code="2">lcc</subfield>
    <subfield code="4">0</subfield>
    <subfield code="7">0</subfield>
    <subfield code="a">KIL</subfield>
    <subfield code="b">KIL</subfield>
    <subfield code="c">RES</subfield>
    <subfield code="d">2023-09-21</subfield>
    <subfield code="l">0</subfield>
    <subfield code="o">\o TP 1151.I 55 Eir</subfield>
    <subfield code="p">\p 30005103013416</subfield>
    <subfield code="r">2023-09-21 00:00:00</subfield>
    <subfield code="t">\t 513057</subfield>
    <subfield code="w">2023-09-21</subfield>
    <subfield code="y">BK</subfield>
  </datafield>
  <datafield tag="952" ind1=" " ind2=" ">
    <subfield code="0">0</subfield>
    <subfield code="1">0</subfield>
    <subfield code="2">lcc</subfield>
    <subfield code="4">0</subfield>
    <subfield code="7">0</subfield>
    <subfield code="a">KIL</subfield>
    <subfield code="b">KIL</subfield>
    <subfield code="c">CIR</subfield>
    <subfield code="d">2023-09-21</subfield>
    <subfield code="l">0</subfield>
    <subfield code="o">\o TP 1151.I 55 Eir</subfield>
    <subfield code="p">\p 30005103013432</subfield>
    <subfield code="r">2023-09-21 00:00:00</subfield>
    <subfield code="t">\o 513058</subfield>
    <subfield code="w">2023-09-21</subfield>
    <subfield code="y">BK</subfield>
  </datafield>
</record>
